|
|
|
|
| LEADER |
01809nam a2200361 a 4500 |
| 001 |
c000184577 |
| 003 |
CARM |
| 005 |
19991004000000.0 |
| 008 |
860527s1986 nyua b 101 0 eng |
| 010 |
|
|
|a 86014239
|
| 019 |
1 |
|
|a 4756576
|5 LACONCORD2021
|
| 020 |
|
|
|a 030642293X
|
| 035 |
|
|
|a (OCoLC)13761551
|5 LACONCORD2021
|
| 040 |
|
|
|a DLC
|b eng
|c DLC
|d DLC
|d LC
|
| 050 |
0 |
0 |
|a QC880.4.D44
|b I57 1985
|
| 082 |
0 |
0 |
|a 628.5/3/0724
|2 19
|
| 111 |
2 |
|
|a NATO/CCMS International Technical Meeting on Air Pollution Modeling and its Application
|n (15th :,
|d 1985 :
|c Saint Louis, Mo.)
|
| 245 |
1 |
0 |
|a Air pollution modeling and its application V /
|c edited by C. de Wispelaere, Francis A. Schiermeier, and Noor V. Gillani.
|
| 260 |
|
|
|a New York, N.Y. :
|b Plenum Press,
|c c1986.
|
| 300 |
|
|
|a xi, 773 p. :
|b ill. ;
|c 26 cm.
|
| 440 |
|
0 |
|a NATO challenges of modern society ;
|v v. 10.
|
| 500 |
|
|
|a "Published in cooperation with NATO Committee on the Challenges of Modern Society."
|
| 500 |
|
|
|a "Proceedings of the Fifteenth NATO/CCMS International Technical Meeting on Air Pollution Modeling and its Application, held April 15-19, 1985 in St. Louis, Missouri"--T.p. verso.
|
| 504 |
|
|
|a Includes bibliographies and indexes.
|
| 650 |
|
0 |
|a Atmospheric diffusion
|x Mathematical models
|x Congresses.
|
| 650 |
|
0 |
|a Air
|x Pollution
|x Meteorological aspects
|x Mathematical models
|x Congresses.
|
| 700 |
1 |
|
|a Schiermeier, Francis A.
|
| 700 |
1 |
|
|a Wispelaere, C. de.
|
| 700 |
1 |
|
|a Gillani, Noor V.
|
| 710 |
2 |
|
|a North Atlantic Treaty Organization.
|b Committee on the Challenges of Modern Society.
|
| 852 |
8 |
|
|b CARM
|h A2:AL21G0
|i C06565
|p 0250215
|f BK
|
| 999 |
f |
f |
|i ff08a892-1a2a-589e-a3a6-acd895645d04
|s bc16f0f9-e446-52bd-931d-3c31b468385d
|
| 952 |
f |
f |
|p Can circulate
|a CAVAL
|b CAVAL
|c CAVAL
|d CARM 1 Store
|e C06565
|f A2:AL21G0
|h Other scheme
|i book
|m 0250215
|